| 000 | 00525nam a22001577a 4500 | ||
|---|---|---|---|
| 999 |
_c529056 _d529056 |
||
| 082 | _a005 | ||
| 100 | _aRafique, Nazish | ||
| 245 |
_aSecurity Framework for Black Hole Attack Prevention using Trust Managment and Fuzzy Logic Analyzer in Vanets / _cNazish Rafique |
||
| 260 |
_aIslamabad: _bCEME - NUST, _c2016. |
||
| 300 |
_a69 p.: ill.; _c30cm. |
||
| 942 |
_2ddc _cTHE |
||
| 650 |
_aMS-Thesis _918721 |
||
| 700 |
_aDr. Muazzam Ali Khan _920924 |
||